<?xml version="1.0" encoding="UTF-8"?>
<record
    xmlns:xsi="http://www.w3.org/2001/XMLSchema-instance"
    xsi:schemaLocation="http://www.loc.gov/MARC21/slim http://www.loc.gov/standards/marcxml/schema/MARC21slim.xsd"
    xmlns="http://www.loc.gov/MARC21/slim">

  <leader>01179cas a2200325 a 4500</leader>
  <datafield tag="999" ind1=" " ind2=" ">
    <subfield code="c">7980</subfield>
    <subfield code="d">7980</subfield>
  </datafield>
  <controlfield tag="001">991030455049706706</controlfield>
  <controlfield tag="003">OSt</controlfield>
  <controlfield tag="005">20250116161254.0</controlfield>
  <controlfield tag="008">960627d1933193uspcm| p|| ||| 0   b|cat  </controlfield>
  <datafield tag="035" ind1=" " ind2=" ">
    <subfield code="a">(ES-BaCBU).b17994135</subfield>
  </datafield>
  <datafield tag="035" ind1=" " ind2=" ">
    <subfield code="a">(OCoLC)805689154</subfield>
  </datafield>
  <datafield tag="040" ind1=" " ind2=" ">
    <subfield code="a">ES-BaBC</subfield>
    <subfield code="b">cat</subfield>
    <subfield code="c">CDMR</subfield>
  </datafield>
  <datafield tag="043" ind1=" " ind2=" ">
    <subfield code="a">e-sp---</subfield>
    <subfield code="b">e-spc--</subfield>
    <subfield code="2">catmarc</subfield>
  </datafield>
  <datafield tag="080" ind1=" " ind2=" ">
    <subfield code="a">070(467.1 Ba Barcelona)(05)</subfield>
  </datafield>
  <datafield tag="080" ind1=" " ind2=" ">
    <subfield code="a">070</subfield>
    <subfield code="x">(061.231)</subfield>
    <subfield code="x">(460.23)</subfield>
    <subfield code="x">(05)</subfield>
    <subfield code="2">2004</subfield>
  </datafield>
  <datafield tag="110" ind1="2" ind2=" ">
    <subfield code="a">Associaci&#xF3; de Periodistes de Barcelona</subfield>
    <subfield code="9">134</subfield>
  </datafield>
  <datafield tag="245" ind1="1" ind2="0">
    <subfield code="a">Associaci&#xF3; de Periodistes de Barcelona :</subfield>
    <subfield code="b">[butllet&#xED;]</subfield>
  </datafield>
  <datafield tag="260" ind1=" " ind2=" ">
    <subfield code="a">[Barcelona] :</subfield>
    <subfield code="b">Associaci&#xF3; de Periodistes de Barcelona,</subfield>
    <subfield code="c">1933-[193-]</subfield>
  </datafield>
  <datafield tag="300" ind1=" " ind2=" ">
    <subfield code="a">vol. ;</subfield>
    <subfield code="c">20 cm</subfield>
  </datafield>
  <datafield tag="310" ind1=" " ind2=" ">
    <subfield code="a">Mensual</subfield>
  </datafield>
  <datafield tag="362" ind1="0" ind2=" ">
    <subfield code="a">Febrer 1933-</subfield>
  </datafield>
  <datafield tag="500" ind1=" " ind2=" ">
    <subfield code="a">Descripci&#xF3; basada en: Maig 1933</subfield>
  </datafield>
  <datafield tag="510" ind1="3" ind2=" ">
    <subfield code="a">Torrent/Tasis I-806</subfield>
  </datafield>
  <datafield tag="752" ind1=" " ind2=" ">
    <subfield code="a">Catalunya</subfield>
    <subfield code="b">Barcelona (Prov&#xED;ncia)</subfield>
    <subfield code="c">Barcelon&#xE8;s</subfield>
    <subfield code="d">Barcelona</subfield>
  </datafield>
  <datafield tag="856" ind1=" " ind2=" ">
    <subfield code="u">https://arca.bnc.cat/arcabib_pro/ca/consulta/registro.do?id=2799</subfield>
    <subfield code="z">Acc&#xE9;s lliure (ARCA)</subfield>
  </datafield>
  <datafield tag="907" ind1=" " ind2=" ">
    <subfield code="a">.b17994135</subfield>
    <subfield code="b">22-06-21</subfield>
    <subfield code="c">22-10-10</subfield>
    <subfield code="d">07-05-08</subfield>
    <subfield code="e">s</subfield>
    <subfield code="f">b</subfield>
    <subfield code="g">p</subfield>
    <subfield code="h">cat</subfield>
    <subfield code="i">spc</subfield>
    <subfield code="j">0</subfield>
    <subfield code="k">7</subfield>
  </datafield>
  <datafield tag="908" ind1=" " ind2=" ">
    <subfield code="a">CLR</subfield>
    <subfield code="a">UB</subfield>
    <subfield code="a">UPF</subfield>
    <subfield code="a">AHCB</subfield>
    <subfield code="a">BAB</subfield>
    <subfield code="a">UAB</subfield>
    <subfield code="a">ANC</subfield>
    <subfield code="a">BC</subfield>
    <subfield code="a">BPA</subfield>
    <subfield code="a">MNAC</subfield>
  </datafield>
  <datafield tag="940" ind1=" " ind2=" ">
    <subfield code="a">BC</subfield>
  </datafield>
  <datafield tag="942" ind1=" " ind2=" ">
    <subfield code="2">udc</subfield>
    <subfield code="c">RES</subfield>
  </datafield>
  <datafield tag="952" ind1=" " ind2=" ">
    <subfield code="0">0</subfield>
    <subfield code="1">0</subfield>
    <subfield code="4">0</subfield>
    <subfield code="7">0</subfield>
    <subfield code="a">CDMR</subfield>
    <subfield code="b">CDMR</subfield>
    <subfield code="d">2024-11-21</subfield>
    <subfield code="l">0</subfield>
    <subfield code="o">Du (1933)</subfield>
    <subfield code="r">2024-11-21</subfield>
    <subfield code="w">2024-11-21</subfield>
    <subfield code="y">RES</subfield>
  </datafield>
</record>
